00395 2200157 4500001002100000008004100021035002000062245006500082100000900147250000600156260002800162084001300190082000800203650001400211990001200225INLIS000000000001521 ind  a0010-0125000019 aYa Allah Tolong Aku, Aku Sedih, Aku Bingung, Aku KesalcA.K. aA.K. a1 aJakarta :bQuantac2012 a200 AK y a200 aNon Fiksi a0714944